000
00300nam a2200145Ia 4500
100
_a
Pujari/Arun K
942
_c
BK
654
_a
data mining
245
_a
Data mining techniques
260
_b
Universities Press
_c
2001
082
_a
4.6
_b
PUJ
300
_a
288
546
_a
ENGLISH
999
_c
29064
_d
29064